[Event "Schachfestival 2014 - Senioren"]
[Site "Woerishofen Bad"]
[Date "2014.03.25"]
[Round "5.32"]
[White "Storkebaum, Karl Heinrich"]
[Black "Kearsley, Raymond J"]
[Result "1/2-1/2"]
[WhiteElo "1959"]
[BlackElo "1700"]
[PlyCount "113"]
[EventDate "2014.03.21"]
[EventType "swiss"]
[EventCountry "GER"]
[WhiteTeam "SAbt TEC Darmstadt"]
[BlackTeam "Wimbledon"]
[WhiteTeamCountry "GER"]
[BlackTeamCountry "ENG"]

1. d4 Nf6 2. c4 e5 3. dxe5 Ng4 4. e4 Nxe5 5. f4 Bb4+ 6. Nc3 Ng6 7. Be3 O-O 8.
a3 Bxc3+ 9. bxc3 Qe7 10. Bd3 d6 11. Qd2 Nd7 12. Nf3 Nc5 13. Bxc5 dxc5 14. O-O-O
Bg4 15. h3 Bxf3 16. gxf3 Rfd8 17. Kb2 b5 18. Qe3 b4 19. e5 Rdc8 20. Bf5 Rd8 21.
Rd5 bxa3+ 22. Ka2 Rxd5 23. cxd5 c4 24. Rb1 Rd8 25. Qd4 Qh4 26. Qxc4 Qf2+ 27.
Kxa3 Qxf3 28. Qxc7 Qxd5 29. Be4 Qd7 30. Qxd7 Rxd7 31. Rb8+ Nf8 32. Kb4 g6 33.
Kc5 Kg7 34. f5 gxf5 35. Bxf5 Ne6+ 36. Bxe6 fxe6 37. Kc6 Rd3 38. c4 a5 39. Ra8
Kg6 40. Rf8 a4 41. c5 a3 42. Kb7 a2 43. Ra8 Kf5 44. c6 Kxe5 45. Rxa2 Kd6 46.
Ra5 Rc3 47. Ra2 Rb3+ 48. Kc8 Kxc6 49. Kd8 e5 50. Rd2 e4 51. Ke7 Rd3 52. Re2 e3
53. Ke6 Kc5 54. Ke5 h5 55. Ke4 Rd4+ 56. Kxe3 Rh4 57. Rh2 1/2-1/2

[Event "Schachfestival 2014 - Senioren"]
[Site "Woerishofen Bad"]
[Date "2014.03.25"]
[Round "5.51"]
[White "Braeu, Emmi"]
[Black "Rothenhagen, Siegfried"]
[Result "1-0"]
[WhiteElo "1645"]
[BlackElo "1816"]
[PlyCount "79"]
[EventDate "2014.03.21"]
[EventType "swiss"]
[EventCountry "GER"]
[WhiteTeam "SK Marktoberdorf"]
[BlackTeam "SC Ammersee"]
[WhiteTeamCountry "GER"]
[BlackTeamCountry "GER"]

1. Nf3 Nf6 2. c4 g6 3. g3 Bg7 4. Bg2 O-O 5. Nc3 c6 6. O-O d5 7. cxd5 cxd5 8. d4
a6 9. h3 Nc6 10. Be3 Bd7 11. Rc1 Qc7 12. Kh2 b5 13. a3 Qb7 14. Ne1 Na5 15. Nd3
e6 16. Nc5 Qa7 17. b3 Bc6 18. Na2 Rab8 19. Nxe6 fxe6 20. Bd2 Nxb3 21. Rxc6 Nxd4
22. Be3 Qd7 23. Rxa6 Nc6 24. Rb6 Rxb6 25. Bxb6 Rb8 26. Bc5 Qb7 27. Nb4 Na5 28.
Nd3 Nd7 29. Bb4 Nc4 30. Nf4 Ndb6 31. Nxe6 Qd7 32. Nxg7 Kxg7 33. Qd4+ Kg8 34.
Bc3 Ra8 35. Qh8+ Kf7 36. Qxh7+ Ke6 37. Qxg6+ Ke7 38. Bb4+ Kd8 39. h4 Nxa3 40.
Qxb6+ 1-0

[Event "Schachfestival 2014 - Senioren"]
[Site "Woerishofen Bad"]
[Date "2014.03.25"]
[Round "5.34"]
[White "Thieme, Wolfgang"]
[Black "Koch, Dieter"]
[Result "1/2-1/2"]
[WhiteElo "1911"]
[BlackElo "1809"]
[PlyCount "78"]
[EventDate "2014.03.21"]
[EventType "swiss"]
[EventCountry "GER"]
[WhiteTeam "Schachclub Bayer Uerdingen 1923"]
[BlackTeam "SC Ammersee"]
[WhiteTeamCountry "GER"]
[BlackTeamCountry "GER"]

1. e4 e5 2. Bc4 Qe7 3. Nc3 c6 4. Nf3 d6 5. d4 Nd7 6. Bg5 Ngf6 7. h3 a6 8. a4 h6
9. Be3 g6 10. Bb3 Bg7 11. a5 Nh5 12. Qd2 Qd8 13. O-O g5 14. Rfd1 Nf4 15. Bxf4
gxf4 16. g3 fxg3 17. fxg3 Qe7 18. Kg2 exd4 19. Nxd4 Ne5 20. Nf5 Bxf5 21. exf5
O-O-O 22. Rf1 d5 23. Qf4 f6 24. Na4 h5 25. Qd4 Qc7 26. Nc5 h4 27. Ne6 Qb8 28.
Rf4 Rdg8 29. Rxh4 Bh6 30. g4 Qd6 31. c4 Nd7 32. cxd5 c5 33. Qd3 Kb8 34. Ra4 Ne5
35. Qe4 Rc8 36. Bc4 Ka7 37. Qb1 Nxc4 38. Rxc4 Qxd5+ 39. Re4 Qc6 1/2-1/2

[Event "Schachfestival 2014 - Senioren"]
[Site "Woerishofen Bad"]
[Date "2014.03.25"]
[Round "5.35"]
[White "Huhn, Ulrich"]
[Black "Alefs, Heinz"]
[Result "1-0"]
[WhiteElo "1908"]
[BlackElo "1823"]
[PlyCount "87"]
[EventDate "2014.03.21"]
[EventType "swiss"]
[EventCountry "GER"]
[WhiteTeam "SF Siemensstadt"]
[BlackTeam "SC Eichenau"]
[WhiteTeamCountry "GER"]
[BlackTeamCountry "GER"]

1. d4 Nf6 2. Nc3 d5 3. Bg5 Nbd7 4. f3 e6 5. e4 dxe4 6. fxe4 Be7 7. e5 Nd5 8.
Bxe7 Qxe7 9. Qg4 f5 10. Nxd5 fxg4 11. Nxe7 Kxe7 12. Bd3 c5 13. c3 b6 14. Be4
Rb8 15. O-O-O Ba6 16. h3 gxh3 17. Rxh3 cxd4 18. cxd4 g6 19. Nf3 Be2 20. Rd2
Bxf3 21. Bxf3 Rbc8+ 22. Rc2 Rxc2+ 23. Kxc2 Rc8+ 24. Kd3 Nf8 25. Rh1 Rc7 26. Be2
Kf7 27. Kd2 Rd7 28. Kd3 Rc7 29. Rd1 Kg7 30. Rd2 g5 31. Ke4 Ng6 32. g3 Ne7 33.
Bg4 Rc6 34. Rf2 Ng8 35. Bh5 Rc7 36. Bd1 b5 37. Bb3 Rc6 38. d5 exd5+ 39. Bxd5
Rc7 40. Bxg8 Kxg8 41. e6 Re7 42. Ke5 Re8 43. Kd6 Rd8+ 44. Kc7 1-0

[Event "Schachfestival 2014 - Senioren"]
[Site "Woerishofen Bad"]
[Date "2014.03.25"]
[Round "5.13"]
[White "Schmidt, Wolfgang"]
[Black "Reichwald, Klaus"]
[Result "1-0"]
[WhiteElo "2080"]
[BlackElo "1894"]
[PlyCount "39"]
[EventDate "2014.03.21"]
[EventType "swiss"]
[EventCountry "GER"]
[WhiteTeam "SC Emmendingen 1937 e.V."]
[BlackTeam "SC Lohhof 1950 e.V."]
[WhiteTeamCountry "GER"]
[BlackTeamCountry "GER"]

1. e4 d6 2. d4 Nf6 3. Nc3 g6 4. f4 Bg7 5. Nf3 c6 6. Be2 Na6 7. a3 Nc7 8. O-O
O-O 9. Bd3 e6 10. Qe1 Re8 11. e5 Nfd5 12. Ne4 dxe5 13. fxe5 h6 14. g4 Rf8 15.
g5 h5 16. Nf6+ Nxf6 17. gxf6 Bh8 18. Qg3 Qe8 19. Nh4 Kh7 20. Qg5 1-0

[Event "Schachfestival 2014 - Senioren"]
[Site "Woerishofen Bad"]
[Date "2014.03.25"]
[Round "5.10"]
[White "Lainburg, Viktor"]
[Black "Reimann, Guenther"]
[Result "1/2-1/2"]
[WhiteElo "2188"]
[BlackElo "1929"]
[PlyCount "46"]
[EventDate "2014.03.21"]
[EventType "swiss"]
[EventCountry "GER"]
[WhiteTeam "SC Weisse Dame Ulm e.V."]
[BlackTeam "SC Magstadt"]
[WhiteTeamCountry "GER"]
[BlackTeamCountry "GER"]

1. b3 e6 2. Bb2 Nf6 3. Nf3 Be7 4. g3 O-O 5. Bg2 d6 6. d4 c5 7. c4 Qa5+ 8. Bc3
Qc7 9. dxc5 dxc5 10. Qc2 Nc6 11. O-O Rd8 12. Na3 a6 13. Rad1 Bd7 14. Qb2 Be8
15. Nc2 Rd7 16. Rxd7 Bxd7 17. Ne5 Nxe5 18. Bxe5 Qb6 19. Rd1 Rd8 20. Ne3 Bc6 21.
Rxd8+ Bxd8 22. Bxc6 Qxc6 23. Qd2 Be7 1/2-1/2

[Event "Schachfestival 2014 - Senioren"]
[Site "Woerishofen Bad"]
[Date "2014.03.25"]
[Round "5.52"]
[White "Narr, Irmgard"]
[Black "Thiel, Harry"]
[Result "1-0"]
[WhiteElo "1761"]
[BlackElo "1752"]
[PlyCount "67"]
[EventDate "2014.03.21"]
[EventType "swiss"]
[EventCountry "GER"]
[WhiteTeam "SC Mühlh.-R.Nürnberg"]
[BlackTeam "Schachpinguine Berlin e.V."]
[WhiteTeamCountry "GER"]
[BlackTeamCountry "GER"]

1. e4 e5 2. Nf3 Nc6 3. Bc4 Nf6 4. d3 Be7 5. a3 O-O 6. Nbd2 d6 7. O-O Be6 8.
Bxe6 fxe6 9. b4 d5 10. Qe2 d4 11. Nc4 Bd6 12. Ng5 Qe7 13. Nf3 h6 14. b5 Nd8 15.
Nfxe5 Bc5 16. Ng6 Qd6 17. e5 Qd5 18. Nxf8 Bxf8 19. exf6 gxf6 20. Qg4+ Kh7 21.
a4 Nf7 22. Qe4+ Qxe4 23. dxe4 e5 24. f4 Bc5 25. Kh1 Rf8 26. Ba3 Bxa3 27. Rxa3
Kg6 28. Rg3+ Kh5 29. Kg1 exf4 30. Rxf4 Ng5 31. Ne5 Rg8 32. Rxf6 Nxe4 33. Rf5+
Rg5 34. Rh3# 1-0

[Event "Schachfestival 2014 - Senioren"]
[Site "Woerishofen Bad"]
[Date "2014.03.25"]
[Round "5.53"]
[White "Samarian, Cornel"]
[Black "Breidenbach, Heinz"]
[Result "1/2-1/2"]
[WhiteElo "1747"]
[BlackElo "1503"]
[PlyCount "35"]
[EventDate "2014.03.21"]
[EventType "swiss"]
[EventCountry "GER"]
[WhiteTeam "SC Pegasus Lohkirchen"]
[BlackTeam "Scacchistica milanese"]
[WhiteTeamCountry "ITA"]
[BlackTeamCountry "ITA"]

1. f4 d5 2. Nf3 Nf6 3. g3 e6 4. Bg2 Bd6 5. O-O Nbd7 6. d3 b6 7. Be3 Bb7 8. h3
c5 9. c3 O-O 10. Bf2 Qc7 11. Na3 a6 12. Nc2 Rac8 13. Rc1 Qb8 14. Qd2 h6 15. Kh2
Kh8 16. Rg1 Rcd8 17. a3 Bc7 18. Rcd1 1/2-1/2

[Event "Schachfestival 2014 - Senioren"]
[Site "Woerishofen Bad"]
[Date "2014.03.25"]
[Round "5.11"]
[White "Klein, Reinhard"]
[Black "Villing, Dieter"]
[Result "1/2-1/2"]
[WhiteElo "1927"]
[BlackElo "2117"]
[PlyCount "52"]
[EventDate "2014.03.21"]
[EventType "swiss"]
[EventCountry "GER"]
[WhiteTeam "SC Roter Turm Altstadt"]
[BlackTeam "SK 1962 Ladenburg"]
[WhiteTeamCountry "GER"]
[BlackTeamCountry "GER"]

1. d4 Nf6 2. Nf3 e6 3. c4 c5 4. Nc3 cxd4 5. Nxd4 d5 6. cxd5 Nxd5 7. e4 Nxc3 8.
bxc3 e5 9. Nf3 Qxd1+ 10. Kxd1 Nc6 11. Bb5 f6 12. Kc2 Bd7 13. a4 Rc8 14. Be3 a6
15. Be2 g5 16. Rab1 g4 17. Nh4 Nd4+ 18. Bxd4 exd4 19. Rxb7 Rxc3+ 20. Kb2 Bd6
21. Bxa6 Bc6 22. Bb5 O-O 23. Bxc6 Rxc6 24. Nf5 Rfc8 25. Nxd6 Rxd6 26. Rd1 d3
1/2-1/2

[Event "Schachfestival 2014 - Senioren"]
[Site "Woerishofen Bad"]
[Date "2014.03.25"]
[Round "5.49"]
[White "Riegler, Markus"]
[Black "Stratmann, Dietrich"]
[Result "1-0"]
[WhiteElo "1817"]
[BlackElo "1697"]
[PlyCount "37"]
[EventDate "2014.03.21"]
[EventType "swiss"]
[EventCountry "GER"]
[WhiteTeam "SK Mannheim-Lindenhof 1865"]
[BlackTeam "SC Schwarz-Weiss Northeim"]
[WhiteTeamCountry "GER"]
[BlackTeamCountry "GER"]

1. e4 e5 2. Nc3 Nf6 3. f4 d5 4. fxe5 Nxe4 5. Nf3 Nxc3 6. bxc3 Be7 7. d4 c6 8.
Bd3 Be6 9. O-O c5 10. Bb5+ Nd7 11. c4 cxd4 12. Nxd4 Bc5 13. Kh1 Bxd4 14. Qxd4
dxc4 15. Ba3 a6 16. Bxc4 Bxc4 17. Qxc4 Nxe5 18. Rae1 f6 19. Qe6+ 1-0

[Event "Schachfestival 2014 - Senioren"]
[Site "Woerishofen Bad"]
[Date "2014.03.25"]
[Round "5.42"]
[White "Reinke, Kurt"]
[Black "Scholtyssek, Werner"]
[Result "1-0"]
[WhiteElo "1884"]
[BlackElo "1799"]
[PlyCount "43"]
[EventDate "2014.03.21"]
[EventType "swiss"]
[EventCountry "GER"]
[WhiteTeam "SG Benrath"]
[BlackTeam "SK Blankenloch 1947 e.V."]
[WhiteTeamCountry "GER"]
[BlackTeamCountry "GER"]

1. d4 c5 2. d5 d6 3. c4 g6 4. e4 Bg7 5. Nc3 e6 6. Bd3 Ne7 7. Bg5 O-O 8. Nge2
Bd7 9. Qd2 e5 10. O-O Qe8 11. Ng3 f6 12. Be3 a6 13. f4 f5 14. fxe5 Bxe5 15.
exf5 Bxg3 16. hxg3 Bxf5 17. Bf4 Rf6 18. Rae1 Nd7 19. Bg5 Rf7 20. Bxf5 gxf5 21.
Bxe7 Rxe7 22. Qg5+ 1-0

[Event "Schachfestival 2014 - Senioren"]
[Site "Woerishofen Bad"]
[Date "2014.03.25"]
[Round "5.20"]
[White "Oser, Thor"]
[Black "Bauder, Herbert"]
[Result "0-1"]
[WhiteElo "1820"]
[BlackElo "1961"]
[PlyCount "82"]
[EventDate "2014.03.21"]
[EventType "swiss"]
[EventCountry "GER"]
[WhiteTeam "SK 1929 Jöhlingen"]
[BlackTeam "SG Lasker Steglitz-Wilmersdorf"]
[WhiteTeamCountry "GER"]
[BlackTeamCountry "GER"]

1. e4 c5 2. Nf3 Nc6 3. c3 Nf6 4. d3 d6 5. h3 g6 6. Nbd2 Bg7 7. Be2 O-O 8. O-O
Rb8 9. Qc2 b5 10. Rb1 a5 11. b3 Nh5 12. Re1 b4 13. c4 Nf4 14. Bf1 Ne6 15. Bb2
Ned4 16. Nxd4 Nxd4 17. Qd1 Bd7 18. Nf3 Nxf3+ 19. Qxf3 Bxb2 20. Rxb2 e5 21. g3
Kg7 22. Kh2 Ra8 23. Qe3 a4 24. f4 f6 25. g4 axb3 26. axb3 Ra7 27. f5 g5 28. Qf2
Qb6 29. h4 h6 30. Be2 Rfa8 31. hxg5 hxg5 32. Kg3 Rh8 33. Rbb1 Raa8 34. Rh1 Qa5
35. Rxh8 Rxh8 36. Bd1 Qa8 37. Rb2 Rh7 38. Ra2 Qh8 39. Qg2 Rh1 40. Rd2 Qh4+ 41.
Kf3 Rh3+ 0-1

[Event "Schachfestival 2014 - Senioren"]
[Site "Woerishofen Bad"]
[Date "2014.03.25"]
[Round "5.33"]
[White "Minz, Michail"]
[Black "Taufratshofer, Martin"]
[Result "1-0"]
[WhiteElo "2108"]
[BlackElo "1990"]
[PlyCount "85"]
[EventDate "2014.03.21"]
[EventType "swiss"]
[EventCountry "GER"]
[WhiteTeam "SK Gau-Algesheim"]
[BlackTeam "SK Obergünzburg"]
[WhiteTeamCountry "GER"]
[BlackTeamCountry "GER"]

1. e4 g6 2. Nc3 Bg7 3. g3 d6 4. Bg2 e6 5. d3 Ne7 6. h4 h6 7. Nh3 Nd7 8. O-O b6
9. f4 Bb7 10. Ne2 O-O 11. g4 f5 12. Ng3 Kh7 13. c3 Rb8 14. Rf2 Nf6 15. Bf3 fxg4
16. Bxg4 Nxg4 17. Qxg4 Bc8 18. Rg2 Rf7 19. h5 Qf8 20. hxg6+ Nxg6 21. Nh5 Ne7
22. Be3 c5 23. Rf1 Ba6 24. c4 d5 25. b3 dxe4 26. dxe4 Bb7 27. Nf2 Rd8 28. Rg3
Bd4 29. Bxd4 Rxd4 30. e5 Rd8 31. Rd1 Rxd1+ 32. Nxd1 Qd8 33. Nf6+ Kh8 34. Nf2
Qf8 35. Qh3 Rxf6 36. exf6 Qxf6 37. Qh5 Ng8 38. Qe5 Kh7 39. Qc7+ Qe7 40. Qb8 Nf6
41. Nd3 Qd7 42. Qf8 Qd4+ 43. Kh2 1-0

[Event "Schachfestival 2014 - Senioren"]
[Site "Woerishofen Bad"]
[Date "2014.03.25"]
[Round "5.39"]
[White "Langhoff, Wolfgang"]
[Black "Kreie, Guenther"]
[Result "1/2-1/2"]
[WhiteElo "1820"]
[BlackElo "1939"]
[PlyCount "77"]
[EventDate "2014.03.21"]
[EventType "swiss"]
[EventCountry "GER"]
[WhiteTeam "SK Mannheim-Lindenhof 1865"]
[BlackTeam "Turn- u. Sportverein Eichholz-Re"]
[WhiteTeamCountry "GER"]
[BlackTeamCountry "GER"]

1. e4 e5 2. d4 exd4 3. Qxd4 Nc6 4. Qe3 Qe7 5. Nc3 Nf6 6. Bd2 b6 7. Be2 Qc5 8.
Qg3 Nd4 9. Bd3 Nh5 10. Qe3 Ne6 11. Nge2 Qxe3 12. Bxe3 c6 13. g4 Nf6 14. h3 d6
15. Ng3 g6 16. f4 Bd7 17. O-O-O h6 18. Rhf1 Bg7 19. Be2 Ke7 20. e5 dxe5 21.
fxe5 Nd5 22. Nxd5+ cxd5 23. Rxd5 Bc6 24. Rdd1 Bxe5 25. Nh1 Rad8 26. Nf2 Bg2 27.
Rg1 Bc6 28. Rxd8 Rxd8 29. Rd1 Rxd1+ 30. Bxd1 Bf4 31. Kd2 Bg2 32. Bxf4 Nxf4 33.
h4 Bd5 34. a3 f5 35. Ke3 Ng2+ 36. Kd4 Be6 37. h5 gxh5 38. gxh5 Nf4 39. Ke5
1/2-1/2

[Event "Schachfestival 2014 - Senioren"]
[Site "Woerishofen Bad"]
[Date "2014.03.25"]
[Round "5.24"]
[White "Harke, Horst"]
[Black "Braeu, Ludwig"]
[Result "0-1"]
[WhiteElo "1877"]
[BlackElo "1958"]
[PlyCount "80"]
[EventDate "2014.03.21"]
[EventType "swiss"]
[EventCountry "GER"]
[WhiteTeam "SK Varel"]
[BlackTeam "SK Marktoberdorf"]
[WhiteTeamCountry "GER"]
[BlackTeamCountry "GER"]

1. d4 g6 2. c4 Bg7 3. Nc3 c5 4. e3 Nf6 5. Nf3 O-O 6. Be2 cxd4 7. Nxd4 Nc6 8.
O-O d6 9. b3 Bd7 10. Bb2 a6 11. Bf3 Rb8 12. Nd5 Ne5 13. Nxf6+ Bxf6 14. Be2 Bg7
15. f4 Nc6 16. Nxc6 bxc6 17. Bxg7 Kxg7 18. Qd4+ Kg8 19. e4 c5 20. Qd2 Kg7 21.
f5 f6 22. Rf3 Rh8 23. Rh3 g5 24. Bh5 Be8 25. Qd5 Bxh5 26. Rxh5 a5 27. Qd1 Qb6
28. h4 h6 29. hxg5 hxg5 30. Rxh8 Rxh8 31. Qd3 a4 32. g3 axb3 33. axb3 Rb8 34.
Rb1 Ra8 35. Qf3 Ra2 36. Qh5 Qb4 37. Qe8 Qc3 38. Qxe7+ Kh6 39. Qf8+ Kh5 40. Qxd6
Qe3+ 0-1

[Event "Schachfestival 2014 - Senioren"]
[Site "Woerishofen Bad"]
[Date "2014.03.25"]
[Round "5.2"]
[White "Daeubler, Heinrich"]
[Black "Nachtkamp, Herbert"]
[Result "1/2-1/2"]
[WhiteElo "2169"]
[BlackElo "2014"]
[PlyCount "104"]
[EventDate "2014.03.21"]
[EventType "swiss"]
[EventCountry "GER"]
[WhiteTeam "Schachclub Haselmuehl"]
[BlackTeam "SK Norderstedt von 1975"]
[WhiteTeamCountry "GER"]
[BlackTeamCountry "GER"]

1. d4 d5 2. c4 e6 3. Nc3 Nf6 4. Nf3 Be7 5. g3 O-O 6. Bg2 dxc4 7. O-O a6 8. Ne5
Nc6 9. Bxc6 bxc6 10. Nxc6 Qe8 11. Nxe7+ Qxe7 12. Qa4 e5 13. dxe5 Qxe5 14. Qxc4
Be6 15. Qf4 Qa5 16. b4 Qb6 17. Be3 Qb7 18. Rfc1 Rfe8 19. a3 Rad8 20. f3 h6 21.
Bf2 Rd7 22. e4 Rd3 23. Na4 Qb5 24. Nc5 Nh5 25. Qh4 Rxf3 26. Nxe6 Rxe6 27. Qd8+
Kh7 28. Qd1 Rd3 29. Qf1 Nf6 30. Rxc7 Nxe4 31. Rxf7 Ng5 32. Rc7 Nf3+ 33. Kh1 Qf5
34. Rf7 Qd5 35. Qg2 Re2 36. Rxf3 Rxf3 37. Rf1 Qf5 38. Kg1 Rxa3 39. Qb7 Qh3 40.
b5 axb5 41. Qxb5 Qe6 42. Qb7 Raa2 43. Qf3 Qe4 44. Qf7 Ra6 45. Qf8 Rf6 46. Qc5
Qf3 47. Qd4 h5 48. h4 Re4 49. Qd1 Qxd1 50. Rxd1 Re2 51. Bc5 Rc2 52. Rd5 Rxc5
1/2-1/2

[Event "Schachfestival 2014 - Senioren"]
[Site "Woerishofen Bad"]
[Date "2014.03.25"]
[Round "5.27"]
[White "Neumann, Erwin"]
[Black "Fels, Karl Heinz"]
[Result "0-1"]
[WhiteElo "1932"]
[BlackElo "1882"]
[PlyCount "84"]
[EventDate "2014.03.21"]
[EventType "swiss"]
[EventCountry "GER"]
[WhiteTeam "SK Schwäbisch Hall"]
[BlackTeam "Stuttgarter SF 1879"]
[WhiteTeamCountry "GER"]
[BlackTeamCountry "GER"]

1. e4 e5 2. Nf3 Nc6 3. d4 exd4 4. Nxd4 Qf6 5. Nf3 h6 6. Bc4 Bc5 7. O-O Nge7 8.
Nc3 O-O 9. Re1 d6 10. Be3 Bxe3 11. Rxe3 Bg4 12. h3 Bh5 13. Nd5 Nxd5 14. Qxd5
Bg6 15. c3 a6 16. Rae1 Rfe8 17. b4 Rab8 18. a4 Ne7 19. Qd2 b5 20. axb5 axb5 21.
Bb3 Red8 22. Qe2 Nc6 23. e5 dxe5 24. Nxe5 Nxe5 25. Rxe5 c6 26. Qg4 Rd2 27. Qg3
Rd3 28. R5e3 Rbd8 29. Qc7 Rxe3 30. Rxe3 Rd3 31. Re8+ Kh7 32. Qb8 Bf5 33. Bc2
Rxc3 34. Bxf5+ Qxf5 35. f3 Qf6 36. Rh8+ Kg6 37. Qg3+ Qg5 38. Qd6+ f6 39. Qd7
Rc1+ 40. Kf2 Rc2+ 41. Ke1 Qe3+ 42. Kd1 Qe2# 0-1

[Event "Schachfestival 2014 - Senioren"]
[Site "Woerishofen Bad"]
[Date "2014.03.25"]
[Round "5.41"]
[White "Lubberich, Alfred"]
[Black "Wolfram, Gisbert"]
[Result "1/2-1/2"]
[WhiteElo "1892"]
[BlackElo "1803"]
[PlyCount "161"]
[EventDate "2014.03.21"]
[EventType "swiss"]
[EventCountry "GER"]
[WhiteTeam "Schachgemeinschaft Nettetal 1929"]
[BlackTeam "SU Ebersberg-Grafing"]
[WhiteTeamCountry "GER"]
[BlackTeamCountry "GER"]

1. Nf3 d5 2. d4 Nf6 3. c4 c6 4. e3 e6 5. Nc3 Nbd7 6. Be2 dxc4 7. Bxc4 b5 8. Bd3
Bb7 9. O-O a6 10. a3 c5 11. Re1 cxd4 12. exd4 Be7 13. Bf4 O-O 14. Rc1 Rc8 15.
Ne5 Nb6 16. Be3 Nbd5 17. Qd2 Qb6 18. Ne4 Nxe4 19. Bxe4 Qd6 20. Qd3 f5 21. Bxd5
Qxd5 22. f3 Rfd8 23. Qd2 Bf6 24. f4 g5 25. Rcd1 gxf4 26. Bxf4 Qb3 27. Nf3 Kf7
28. Qe2 Bd5 29. Ne5+ Bxe5 30. Qh5+ Kg8 31. Bxe5 Rf8 32. Qg5+ Kf7 33. Qh5+ Ke7
34. Qxh7+ Ke8 35. Qg6+ Kd7 36. Qg7+ Kc6 37. Rc1+ Bc4 38. Qe7 Qd3 39. Qc5+ Kb7
40. Qe7+ Ka8 41. Qd6 Kb7 42. Qe7+ Ka8 43. a4 Rg8 44. g3 Qd2 45. Qd6 bxa4 46.
Bf4 Qa5 47. Re5 Qd8 48. Qxd8 Rgxd8 49. Rc5 Rxc5 50. dxc5 Rd4 51. c6 Re4 52. c7
Kb7 53. Kf2 Kc8 54. Rd1 Bd5 55. Re1 Rb4 56. Re2 Rb3 57. Ke1 Bc4 58. Re3 Rxe3+
59. Bxe3 Kxc7 60. h4 e5 61. h5 Bf7 62. h6 Bg6 63. Kd2 Kc6 64. Kc3 Kb5 65. Bg5
Kc5 66. Be3+ Kb5 67. Bg5 Bh7 68. Be3 Bg6 69. Bf2 f4 70. gxf4 exf4 71. Kd4 Kb4
72. Ke5 Kb3 73. Bd4 Kc4 74. Bc3 Bc2 75. Kxf4 Kb3 76. Be5 a5 77. Kg5 a3 78. bxa3
Kxa3 79. Kf6 Kb3 80. Kg7 a4 81. h7 1/2-1/2

[Event "Schachfestival 2014 - Senioren"]
[Site "Woerishofen Bad"]
[Date "2014.03.25"]
[Round "5.30"]
[White "Boldt, Heinrich"]
[Black "Niedermaier, Peter"]
[Result "1/2-1/2"]
[WhiteElo "1922"]
[BlackElo "1844"]
[PlyCount "115"]
[EventDate "2014.03.21"]
[EventType "swiss"]
[EventCountry "GER"]
[WhiteTeam "TSV Kareth-Lappersdorf"]
[BlackTeam "SU Ebersberg-Grafing"]
[WhiteTeamCountry "GER"]
[BlackTeamCountry "GER"]

1. Nf3 Nf6 2. g3 g6 3. Bg2 Bg7 4. d3 d5 5. O-O O-O 6. Nbd2 c5 7. c4 Nc6 8. cxd5
Nxd5 9. Nc4 Rb8 10. Rb1 b5 11. Ne3 Nb6 12. h4 h5 13. b3 Bb7 14. Bb2 Nd4 15. Nd2
Bxg2 16. Nxg2 Rc8 17. Rc1 Nxe2+ 18. Qxe2 Bxb2 19. Rc2 Bg7 20. Ne4 Nd7 21. f4 e6
22. Ng5 Re8 23. g4 hxg4 24. Qxg4 Nf6 25. Qh3 Nh5 26. Kh2 Qc7 27. Rf3 Rcd8 28.
Re2 Rd4 29. Re4 Rxe4 30. dxe4 c4 31. e5 cxb3 32. axb3 b4 33. Ne4 Rd8 34. Nd6
Rxd6 35. exd6 Qxd6 36. Rd3 Qc7 37. Qf3 Kh7 38. Kh3 a5 39. Kg4 Bh6 40. Re3 f5+
41. Kh3 Bxf4 42. Rxe6 Bh6 43. Rc6 Qe5 44. Rc4 Qa1 45. Kh2 Bg7 46. Ne3 Be5+ 47.
Kh3 Qg1 48. Nxf5 Qh2+ 49. Kg4 Nf6+ 50. Kg5 Qg1+ 51. Ng3 Bxg3 52. Kxf6 Qa1+ 53.
Kf7 Qg7+ 54. Ke6 Qe5+ 55. Kd7 Qd6+ 56. Kc8 Qb8+ 57. Kd7 Qd6+ 58. Kc8 1/2-1/2

[Event "Schachfestival 2014 - Senioren"]
[Site "Woerishofen Bad"]
[Date "2014.03.25"]
[Round "5.57"]
[White "Schulz, Franz"]
[Black "Dittmann, Heinz"]
[Result "1/2-1/2"]
[WhiteElo "1670"]
[BlackElo "1564"]
[PlyCount "82"]
[EventDate "2014.03.21"]
[EventType "swiss"]
[EventCountry "GER"]
[WhiteTeam "SV Ebersbach"]
[BlackTeam "Schachgemeinschaft Nettetal 1929"]
[WhiteTeamCountry "GER"]
[BlackTeamCountry "GER"]

1. b4 e5 2. Bb2 d6 3. e3 Nf6 4. c4 Be7 5. h3 O-O 6. Nc3 c6 7. Nge2 b6 8. Ng3
Qc7 9. Be2 d5 10. a3 Be6 11. d3 Rd8 12. Qb3 b5 13. cxd5 Nxd5 14. Qc2 Nd7 15.
Bf3 N7f6 16. O-O Nxc3 17. Qxc3 Bd7 18. Qxe5 Bd6 19. Qg5 h6 20. Qh4 Be5 21. Bxe5
Qxe5 22. Ne4 Nxe4 23. Bxe4 Rac8 24. Bf3 Re8 25. d4 Qd6 26. Rac1 Be6 27. Rc5 Bc4
28. Rc1 Qg6 29. e4 a6 30. Qf4 Re6 31. e5 Qd3 32. Bg4 Qxa3 33. Bxe6 fxe6 34. Qd2
Bd5 35. Qc3 Qa2 36. Qc2 Qa3 37. Rc3 Qa4 38. Qxa4 bxa4 39. Rc5 a3 40. Ra1 a2 41.
Ra5 Rb8 1/2-1/2

[Event "Schachfestival 2014 - Senioren"]
[Site "Woerishofen Bad"]
[Date "2014.03.25"]
[Round "5.1"]
[White "Neese, Hans Joachim"]
[Black "Baum, Bernd"]
[Result "1/2-1/2"]
[WhiteElo "2172"]
[BlackElo "2302"]
[PlyCount "163"]
[EventDate "2014.03.21"]
[EventType "swiss"]
[EventCountry "GER"]
[WhiteTeam "Schachverein Hennef 1927 e.V."]
[BlackTeam "SV Empor Erfurt"]
[WhiteTeamCountry "GER"]
[BlackTeamCountry "GER"]

1. d4 Nf6 2. Nf3 c5 3. d5 b5 4. c4 bxc4 5. Nc3 g6 6. e4 d6 7. Bxc4 Bg7 8. O-O
O-O 9. Qe2 Bg4 10. h3 Bxf3 11. Qxf3 Nbd7 12. Qe2 Rb8 13. Bb5 Ne8 14. f4 Nc7 15.
Bc6 Rb4 16. a3 Rb6 17. Ba4 e6 18. Rd1 exd5 19. exd5 Bd4+ 20. Kh1 Re8 21. Qf3
Re7 22. Rb1 f5 23. Ne2 Bg7 24. b4 Nf6 25. Nc3 cxb4 26. axb4 Ne4 27. Ne2 Nb5 28.
Be3 Nbc3 29. Nxc3 Nxc3 30. Bxb6 axb6 31. Bc6 Nxd1 32. Rxd1 Re4 33. b5 Qh4 34.
Rf1 Bd4 35. Qd1 Rxf4 36. Bd7 Rxf1+ 37. Qxf1 Be5 38. Be6+ Kg7 39. Qe2 Qf4 40. g4
fxg4 41. Bxg4 h5 42. Be6 Qg3 43. Bd7 Kh6 44. Be6 Bf4 45. Bd7 Be3 46. Qf1 Qe5
47. Qf8+ Kg5 48. Qd8+ Kf4 49. Qh4+ Kf3 50. Qe1 Qe4 51. Be6 Kf4+ 52. Kh2 Kg5 53.
Qf1 Bf4+ 54. Kg1 Kh6 55. Qd1 Be3+ 56. Kf1 Qf4+ 57. Ke2 Qf2+ 58. Kd3 Bf4 59. Qe2
Qc5 60. Ke4 Bg5 61. Qd3 Qf2 62. Qf3 Qc2+ 63. Qd3 Qb2 64. Kf3 Qc1 65. Ke2 Qf4
66. Kd1 Qf2 67. Bd7 Bf4 68. Be8 Qg1+ 69. Kc2 Qg2+ 70. Kb3 Bc1 71. Bd7 h4 72.
Bg4 Qb2+ 73. Kc4 Bd2 74. Qb3 Qe5 75. Qd3 Qf4+ 76. Kb3 Be1 77. Kc2 Qa4+ 78. Qb3
Qe4+ 79. Qd3 Qa4+ 80. Qb3 Qd4 81. Qd3 Qe5 82. Kb3 1/2-1/2